| 000 | 00537nam a22002057a 4500 | ||
|---|---|---|---|
| 999 |
_c7496 _d7496 |
||
| 003 | OSt | ||
| 005 | 20211117133432.0 | ||
| 008 | 211117b ||||| |||| 00| 0 eng d | ||
| 020 | _a0761997180 | ||
| 040 | _cDDC | ||
| 082 | _a174.4 SEK 2013 | ||
| 100 |
_aSekhar, R. C. _915355 |
||
| 245 | _aEthical choices in business | ||
| 250 | _a2ed. | ||
| 260 |
_aNew Delhi ; _bResponse Book: _c 2013 |
||
| 300 |
_a308P.: _b ill. ; _c 24 cm |
||
| 504 | _aIncludes references and index. | ||
| 650 |
_aBusiness ethics. _95048 |
||
| 942 |
_2ddc _cBOOK |
||